Atribúty súčasnej multipolarity
Analýza rastúcej multipolarity rozobratím významu ekonomickej a mäkkej moci ako nevojenských dimenzií moci štátov a stručným načrtnutím zmeny zastúpenia vo vybraných medzinárodných organizáciách.
Saved in:
| Main Author: | |
|---|---|
| Format: | Book Chapter |
| Language: | Slovak |
| Subjects: | |
| Tags: |
No Tags, Be the first to tag this record!
|
MARC
| LEADER | 00000naa$a2200000$$$4500 | ||
|---|---|---|---|
| 001 | 0249556 | ||
| 005 | 20240502074007.0 | ||
| 041 | 0 | |a slo | |
| 044 | |a SK | ||
| 245 | 1 | 0 | |a Atribúty súčasnej multipolarity |c Juraj Ondriaš |
| 520 | |a Analýza rastúcej multipolarity rozobratím významu ekonomickej a mäkkej moci ako nevojenských dimenzií moci štátov a stručným načrtnutím zmeny zastúpenia vo vybraných medzinárodných organizáciách. | ||
| 610 | 2 | 0 | |a politika medzinárodná |
| 610 | 2 | 0 | |a vzťahy medzinárodné |
| 610 | 2 | 0 | |a moc politická |
| 610 | 2 | 0 | |a moc štátna |
| 610 | 2 | 0 | |a organizácie medzinárodné |
| 610 | 2 | 0 | |a politika |
| 610 | 2 | 0 | |a politika finančná |
| 100 | 1 | |a Ondriaš, Juraj, 1988- | |